000 01090nam a2200289 a 4500
001 000125920
003 AM-YEHGA
005 20250617122639.0
008 950720s1984 |||a|||gr|||||||||0 rus|d
040 _aAM-YeHGA
041 0 _arus
_heng
245 0 0 _aМозг :
_bПеревод с английского /
_cД. Хьюбел, Ч. Стивенс, Э. Кэндел и др. ; Пер. с англ. Н.Ю. Алексеенко.
246 3 _aThe Brain
260 0 _aМосква :
_bМир ,
_c1984.
300 _a280 с. :
_bил. ;
_c21 см.
500 _aАвт. указаны на обороте тит. л.
500 _aПеревод изд.: The brain / D. Hubel, C. Stevens, E. Kandel at al. (Sci. American, sept. 1979)
650 1 4 _aМозг головной
650 1 4 _aФизиология
700 1 _aХьюбел, Д.
_4aut
700 1 _aСтивенс, Ч.
_4aut
700 1 _aКэндел, Э.
_4aut
700 1 _aАлексеенко, Н.Ю.
_4trl
700 1 _aСимонов, Павел Васильевич
_4edt
942 _2udc
_cBK
090 _c42503
999 _c41830
_d41830